| 000 | 01105cam a2200301 i 4500 | ||
|---|---|---|---|
| 999 |
_c200442230 _d60442 |
||
| 001 | 200442230 | ||
| 003 | TR-AnTOB | ||
| 005 | 20230207102051.0 | ||
| 007 | ta | ||
| 008 | 061002s1998 tu d 000 0 tur d | ||
| 035 | _a(TR-AnTOB)200442230 | ||
| 040 |
_aTR-AnTOB _beng _erda _cTR-AnTOB |
||
| 041 | 0 | _atur | |
| 050 | 4 |
_aHC492 _b.S45 1998 |
|
| 090 |
_aHC492 _b.S45 1998 |
||
| 245 | 1 | 0 |
_aSektör toplantıları raporu / _bHaz. Başbakanlık Dış Ticaret Müsteşarlığı İhracat Genel Müdürlüğü. |
| 264 | 1 |
_aAnkara : _bT.C. Başbakanlık, Dış Ticaret Müsteşarlığı İhracat Genel Müdürlüğü, _c1998. |
|
| 300 |
_a191 pages : _btables ; _c30 cm |
||
| 336 |
_atext _btxt _2rdacontent |
||
| 337 |
_aunmediated _bn _2rdamedia |
||
| 338 |
_avolume _bnc _2rdacarrier |
||
| 650 | 7 |
_aEndüstriyel istatistikler _zTürkiye _2etuturkob _9131628 |
|
| 651 | 7 |
_aTürkiye _xEkonomik durum _vİstatistikler _2etuturkob _941748 |
|
| 710 | 1 |
_aTürkiye. _bDış Ticaret Müsteşarlığı. _bİhracat Genel Müdürlüğü _9135804 |
|
| 942 |
_2lcc _cBK |
||